Fight my beloved continent (Record no. 43263)

MARC details
000 -LEADER
fixed length control field 00707nam a2200217 a 4500
008 - FIXED-LENGTH DATA ELEMENTS--GENERAL INFORMATION
fixed length control field 120416s1992 ||||||||||||||||| || u
020 ## - INTERNATIONAL STANDARD BOOK NUMBER
International Standard Book Number 0797411038
050 ## - LIBRARY OF CONGRESS CALL NUMBER
Classification number JC 433 Shi
100 ## - MAIN ENTRY--PERSONAL NAME
Personal name Shivji, Isaa G
245 10 - TITLE STATEMENT
Title Fight my beloved continent
246 ## - VARYING FORM OF TITLE
Title proper/short title new democracy in Africa
250 ## - EDITION STATEMENT
Edition statement 2nd expanded ed.
260 ## - PUBLICATION, DISTRIBUTION, ETC.
Place of publication, distribution, etc. Harare
Name of publisher, distributor, etc. SAPES Books
Date of publication, distribution, etc. 1992
300 ## - PHYSICAL DESCRIPTION
Extent iii, 46p.
350 ## - PRICE (NR) (BK AM CF MU VM SE) [OBSOLETE]
Price 0.00
500 ## - GENERAL NOTE
General note Includes bibliographical references (p. 21-22).
650 ## - SUBJECT ADDED ENTRY--TOPICAL TERM
Topical term or geographic name entry element POLITICS
650 ## - SUBJECT ADDED ENTRY--TOPICAL TERM
Topical term or geographic name entry element COMMUNISM--AFRICA
650 ## - SUBJECT ADDED ENTRY--TOPICAL TERM
Topical term or geographic name entry element TEXTBOOKS
995 ## - RECOMMENDATION 995 [LOCAL, UNIMARC FRANCE]
-- 0.00
-- CBU-MAIN LIBRARY (Kitwe)
-- 1
-- 4.00
-- 1
-- AVAILABLE
-- Annex Low-Usage Collection
Holdings
Withdrawn status Lost status Source of classification or shelving scheme Damaged status Not for loan Home library Current library Shelving location Date acquired Total Checkouts Full call number Barcode Date last seen Price effective from Koha item type
          CBU-MAIN LIBRARY, KITWE. CBU-MAIN LIBRARY, KITWE.   11/30/2022   JC 433 Shi 009368 11/30/2022 11/30/2022 MONOGRAPH